000 00587nam a22002175i 4500
999 _c12442
_d12442
003 OSt
005 20240117150005.0
008 220119s2022 mau 000 0 eng
020 _a9783035623321
_q(hardcover)
020 _z9783035623345
_q(adobe pdf)
040 _aDLC
_beng
_erda
_cDLC
042 _apcc
082 _a720.92
_bDIE
100 1 _aDietziker, Céline,
_eauthor.
245 1 0 _aAalto in detail :
_ba catalog of components /
_cCéline Dietziker, Lukas Gruntz.
250 _a1.
263 _a2205
300 _apages cm
700 1 _aGruntz, Lukas,
_eauthor.
942 _2ddc